Reglamento interior relativo á los servicios sanitario é higiénico y religioso / Casa Provincial de Maternidad y Expósitos de Barcelona
Descripción Física:
11 p. ; 27 cm
MARC
| LEADER | 00000nam a2200000Ia 4500 | ||
|---|---|---|---|
| 001 | 8719 | ||
| 008 | 160829s1906 xx 000 0 cat d | ||
| 080 | |a RF-9-28 | ||
| 110 | 2 | |a Casa de Maternitat i Expòsits de Barcelona |9 52670 | |
| 245 | |a Reglamento interior relativo á los servicios sanitario é higiénico y religioso / Casa Provincial de Maternidad y Expósitos de Barcelona | ||
| 260 | |a Barcelona : |b Imprenta de la Casa Provincial de Caridad, |c 1906 | ||
| 300 | |a 11 p. ; |c 27 cm | ||
| 650 | |a Casa de Maternitat i Expòsits (Barcelona) |x Reglaments i procediment |9 38816 | ||
| 856 | 4 | |u https://media.diba.cat/diba/fitxers/arxiu/fulletons/bib_8719_1906_baixa.pdf |y Accés lliure | |
| 856 | 4 | |u https://media.diba.cat/diba/fitxers/arxiu/fulletons/bib_8719_1906_baixa.pdf |y Accés lliure | |
| 901 | |a Arxiu | ||
| 942 | |n 1 |2 udc | ||
| 952 | |0 0 |1 0 |4 0 |6 RF928 |7 1 |9 53242 |a Arxiu |b Arxiu |d 2016-12-01 |l 0 |o RF-9-28 |p 8719 |r 2016-12-01 00:00:00 |w 2016-12-01 |y ARXIU | ||
| 999 | |c 57106 |d 57106 | ||
| 900 | |a bib_8719_1906_baixa.pdf | ||